000 00538nam a2200181Ia 4500
008 230917s9999||||xx |||||||||||||| ||und||
020 _cRS 1590.00 (set of 2 vol.)
040 _e5010752
_aMAIN
041 _aEnglish
082 _a590 P228P(8)
100 _aParker, Thomas Jeffery
245 0 _aParker and Haswell textbook of zoology: Invertebrates. 2V
250 _a8th ed.
260 _aNew Delhi
_bMedTech Science Press
_c2022
300 _axix, 874 p.
500 _a4583 18/10/2022 HBD22/9438 25/10/2022 Main Budget
942 _cBK
999 _c5845
_d5845